Communal Riots in India (Record no. 8181)

MARC details
000 -LEADER
fixed length control field 00624nam a2200241 a 4500
020 ## - INTERNATIONAL STANDARD BOOK NUMBER
ISBN 8170244
082 00 - DEWEY DECIMAL CLASSIFICATION NUMBER
Classification number 303.623
Author Cutter NAR
100 ## - MAIN ENTRY--AUTHOR NAME
Author name Narayan, Jitendra
245 ## - TITLE STATEMENT
Title Communal Riots in India
Sub title a Case Study of an Indian State.
260 ## - PUBLICATION, DISTRIBUTION, ETC. (IMPRINT)
Place of publication Delhi
Name of publisher Ashish Publishing House
Year of publication 1992
300 ## - PHYSICAL DESCRIPTION
Number of Pages 246p
500 ## - GENERAL NOTE
General note includes index and biblioraphy
505 2# - FORMATTED CONTENTS NOTE
Formatted contents note Index
650 ## - SUBJECT ADDED ENTRY--TOPICAL TERM
Topical Term Riots-India
942 ## - ADDED ENTRY ELEMENTS (KOHA)
Koha item type Books
700 1# -
-- Narayan, Jitendra
Holdings
Collection code Home library Current library Date acquired Cost, normal purchase price Full call number Accession Number Koha item type
  Henry Martyn Institute Library Henry Martyn Institute Library 11/22/2013 250.00 303.623 NAR 014424 Books
                   Copyright © 2026 | Henry Martyn Institute | Hyderabad | TS-500052 | INDIA | Implemented by hmi.edu.in
Hit-Count:

Powered by Koha